00392nam a2200121Ia 4500008004100000100001600041245007400057245004500131260000900176300001000185650001300195856006200208170221s9999 xx 000 0 und d aPeter Cheng aTarget Information Asymmetry and Acquisition Price (pages 976–1016) cPeter Cheng, Lin Li and Wilson H.S. Tong c2015 a4 : 3 xBusiness uhttp://onlinelibrary.wiley.com/doi/10.1111/jbfa.12202/pdf